Multiple-Choice-Stadtquiz Duisburg - Statistiken

Allgemein
  • Dieses Quiz wurde 1.386 mal gespielt
  • Das Durchschnittsergebnis liegt bei 6 aus 10
Antwortstatistiken
Frage Antwort % Korrekt
Welcher Fluss mündet in Duisburg in den Rhein? Ruhr
91%
Welches Tier verbindet man mit dem größten Fußballverein in Duisburg? Zebra
85%
Was gilt als besonderes Merkmal des Duisburger Hafens? Größter Binnenhafen der Welt
75%
In welchem Stadtteil steht eine der größten Moscheen Deutschlands? Marxloh
67%
In welchem Stadtteil Duisburgs liegt diese Mündung? Ruhrort
55%
Wie heißt die Universität Duisburgs, die mit Essen zusammengeschlossen ist? Universität Duisburg-Essen
51%
Wie heißt der große Landschaftspark, der auf einem ehemaligen Hüttenwerk entstand? Landschaftspark Nord
50%
Duisburg war im Mittelalter Mitglied welcher Städtegemeinschaft? Hanse
35%
Wie heißt das bekannte Museum für moderne Kunst in Duisburg? Museum Küppersmühle
34%
Welches außergewöhnliche begehbare Kunstwerk steht in Duisburg? Tiger & Turtle
32%
Keine übereinstimmenden Quizze gefunden
Verteilung der Resultate
Anzahl Personen mit jedem Resultat
Perzentil nach korrekt beantworteten Fragen
Ihre Resultats-Entwicklung
Sie haben dieses Quiz noch nicht gespielt